| 000 | 00824na a2200241 4500 | ||
|---|---|---|---|
| 001 | 18133 | ||
| 003 | MIRAKIL | ||
| 005 | 20181213154918.0 | ||
| 008 | 161111b tu 000 0 | ||
| 020 | _a9789754837544 | ||
| 040 |
_aMilas _btur _cTR-AnCHP |
||
| 041 | _atur | ||
| 082 |
_a302.23 _bM32 2007 |
||
| 090 | _a302.23 M32 2007 | ||
| 111 |
_aMedya ve Siyaset Uluslararası Sempozyumu _cİzmir _d2007 |
||
| 245 |
_aMedya ve siyaset uluslararası sempozyumu _b=International Symposium on Media and Politics, 15-17 November 2007 _cEge Üniversitesi İletişim Fakültesi |
||
| 246 | _aSiyaset ve medya | ||
| 260 |
_aİzmir _bEge Üniversitesi İletişim Fakültesi _c2007 |
||
| 300 |
_a2 c. _c30 sm. |
||
| 650 |
_aMedya _xSiyaset _yToplantılar |
||
| 710 | _aEge Üniversitesi İletişim Fakültesi | ||
| 942 |
_2ddc _cBKS |
||
| 999 |
_c3051 _d3051 |
||